书目信息 |
| 题名: |
学龄前幼儿教育
|
|
| 作者: | 松本喜一郎 , 山根薰 编著 ;李长声 译 | |
| 分册: | ||
| 出版信息: | 长春 吉林人民出版社 1982 |
|
| 页数: | 128页 | |
| 开本: | 19cm | |
| 丛书名: | ||
| 单 册: | ||
| 中图分类: | G610 , G61 | |
| 科图分类: | ||
| 主题词: | 学前教育 | |
| 电子资源: | ||
| ISBN: | ||
| 000 | 00730nam0 2200253 450 | |
| 001 | 1550996739 | |
| 005 | 20150128081411.68 | |
| 010 | @dCNY0.35 | |
| 091 | @a7091.1356@dCNY0.35 | |
| 100 | @a19950704d1982 em y0chiy0110 ea | |
| 101 | 1 | @achi@cjpn |
| 102 | @aCN@b220000 | |
| 105 | @ay z 000yy | |
| 200 | 1 | @a学龄前幼儿教育@9xue ling qian you er jiao yu@f(日)松本喜一郎,(日)山根薰编著@g李长声译 |
| 210 | @a长春@c吉林人民出版社@d1982 | |
| 215 | @a128页@d19cm | |
| 606 | 0 | @a学前教育 |
| 690 | @aG610@v5 | |
| 690 | @aG61@v4 | |
| 701 | 0 | @a松本喜一郎@9song ben xi yi lang@f日@4编著 |
| 701 | 0 | @a山根薰@9shan gen xun@4编著 |
| 702 | 0 | @a李长声@9li chang sheng@4译 |
| 801 | 0 | @aCN@bTSSF@c20150128 |
| 905 | @aZUCC@dG61@eJY14 | |
| 学龄前幼儿教育/(日)松本喜一郎,(日)山根薰编著/李长声译.-长春:吉林人民出版社,1982 |
| 128页;19cm |
| ISBN :CNY0.35 |
| ● |
| 相关链接 |
|
|
|
|
正题名:学龄前幼儿教育
索取号:G61/JY14
 
预约/预借
| 序号 | 登录号 | 条形码 | 馆藏地/架位号 | 状态 | 备注 |
| 1 | 7843827 | 278438273 | 学院路分馆/ [索取号:G61/JY14] | 在馆 |